| 000 | 00435nam a22001817a 4500 | ||
|---|---|---|---|
| 003 | CEME | ||
| 005 | 20210628205816.0 | ||
| 008 | 210317b xxu||||| |||| 00| 0 eng d | ||
| 020 | _a969-0-00828-5 | ||
| 040 | _c. | ||
| 082 | _a321.8 REV | ||
| 100 |
_aRevel, Jean-Francois _977103 |
||
| 245 | _aHow democracies perish | ||
| 260 |
_aLAHORE _bFEROZE SONS _c1987 |
||
| 300 | _a376P | ||
| 650 |
_aDEMOCRACIES _977104 |
||
| 942 |
_cBK _2ddc |
||
| 999 |
_c582426 _d582426 |
||